Prehľad novej legislatívy na rok 2025 – čo sa mení v daniach a účtovníctve podľa ostatných noviel?
Novela zákona o dani z príjmov a zákona o účtovníctve – kryptoaktíva. Daň zo sladených nealkoholických nápojov. Daň z finančných transakcií. Novela zákona o dani z príjmov a zákona o DPH – konsolidácia verejných financií. Zoznam tovarov a služieb so zníženou sadzbou dane.
Enregistré dans:
| Auteur principal: | |
|---|---|
| Format: | Chapitre de livre |
| Langue: | slovaque |
| Sujets: | |
| Tags: |
Pas de tags, Soyez le premier à ajouter un tag!
|
MARC
| LEADER | 00000naa a2200000 4500 | ||
|---|---|---|---|
| 001 | 0306380 | ||
| 005 | 20250121154936.6 | ||
| 041 | 0 | |a slo | |
| 044 | |a SK | ||
| 245 | 1 | 0 | |a Prehľad novej legislatívy na rok 2025 – čo sa mení v daniach a účtovníctve podľa ostatných noviel? |c Vladimír Pastierik |
| 520 | |a Novela zákona o dani z príjmov a zákona o účtovníctve – kryptoaktíva. Daň zo sladených nealkoholických nápojov. Daň z finančných transakcií. Novela zákona o dani z príjmov a zákona o DPH – konsolidácia verejných financií. Zoznam tovarov a služieb so zníženou sadzbou dane. | ||
| 610 | 2 | 0 | |a účtovníctvo daňové |
| 610 | 2 | 0 | |a dane z príjmov |
| 610 | 2 | 0 | |a dane z hodnoty pridanej |
| 610 | 2 | 0 | |a sadzby daňové |
| 610 | 2 | 0 | |a mena virtuálna |
| 610 | 2 | 0 | |a zákony |
| 610 | 2 | 0 | |a legislatíva |
| 610 | 2 | 0 | |a novelizácia |
| 100 | 1 | |a Pastierik, Vladimír | |